| 000 | 01146nam a2200253 a 4500 | ||
|---|---|---|---|
| 001 | BRCA_8706 | ||
| 005 | 20190320210355.0 | ||
| 008 | 300117s1781----sp-#######---#000-0#spa-# | ||
| 041 | _aspa | ||
| 044 | _asp | ||
| 084 |
_aBE46 _b.F43 1781 |
||
| 100 | 1 |
_aFebrero, Josef _921692 |
|
| 245 | 1 | 0 |
_aLibrería de escribanos, é instrucción jurídica theorico de practica de principiantes _bparte segunda dividida en tres tomos. |
| 260 |
_aMadrid _bEn la Imprenta de Don Pedro Marin _c1781 |
||
| 300 |
_a690 p. (t.2) _c20 x 15 cm. |
||
| 500 | _aEn portada: Trata de los cinco juicios de inventario, y participación de bienes de difunto, ordinario, executivo, y de concurso, y prelación de acreedores | ||
| 500 | _aObra utilísima para toda clase de personas | ||
| 500 | _aCon marca de fuego no identificada y ubicada en el canto inferior | ||
| 500 | _aEstado físico: se presenta sin lomo y cubierta superior, con cubierta inferior desprendida, cantos manchados y anotaciones en el interior del libro | ||
| 650 | 1 | 4 |
_aDerecho procesal _yObras anteriores a 1800 _921693 |
| 650 | 1 | 4 |
_aDerecho y manuales _921694 |
| 902 | _aCFM | ||
| 942 |
_2lcc _cB |
||
| 999 |
_c8358 _d8358 |
||